Real Madrid 2023/24 Squad - Statistics

General Stats
  • This quiz has been taken 86 times
    80 since last reset
  • The average score is 21 of 24
Answer Stats
#No. Pos. Nationality Player % Correct
10 MF Croatia Luka Modric (VC)
100%
12 MF France Eduardo Camavinga
99%
15 MF Uruguay Federico Valverde
99%
5 MF England Jude Bellingham
99%
11 FW Brazil Rodrygo
99%
8 MF Germany Toni Kroos
99%
4 DF Austria David Alaba
97%
1 GK Belguim Thibaut Courtois
97%
7 FW Brazil Vinicius Jr
97%
2 DF Spain Dani Carvajal
96%
3 DF Brazil Eder Militao
96%
13 GK Ukraine Andriy Lunin
94%
N/A MF Turkey Arda Guler
94%
22 DF Germany Antonio Rudiger
93%
23 DF France Ferland Mendy
92%
6 DF Spain Nacho (C)
90%
18 MF France Aurelian Tchouameni
85%
19 MF Spain Dani Ceballos
83%
14 FW Spain Joselu (on loan from Espanyol)
81%
17 DF Spain Lucas Vazquez
79%
20 DF Spain Fran Garcia
75%
21 FW/MF Spain Brahim Diaz
67%
24 DF Spain Jesus Vallejo
64%
16 DF Spain Alvaro Odriozola
33%
No matching quizzes found
Score Distribution
Percent of People with Each Score
Percentile by Number Answered
Your Score History
You have not taken this quiz since the last reset